000 00673cam a22002293a 4500
001 26903
003 PGUSA
005 20140828083559.0
008 081012s2008||||xxu|||||s|||||000 | eng d
040 _aPGUSA
_beng
042 _adc
050 4 _aSF
100 1 _aPope, George W.
_q(George Whitfield),
_d1867-
245 1 0 _aDetermining the Age of Cattle by the Teeth
_h[electronic resource] /
_cGeorge W. Pope
260 _bProject Gutenberg,
_c2008
506 _aPublic domain in the USA.
516 _aElectronic text
653 _aCattle -- Age determination
830 0 _aProject Gutenberg
_v26903
856 4 0 _uhttp://www.gutenberg.org/ebooks/26903
942 _cEB
999 _c256158
_d256158